Normal view MARC view
  • Algorithmic Approcah

Entry Geographic Name

Number of records used in: 1

001 - CONTROL NUMBER

  • control field: 109235

003 - CONTROL NUMBER IDENTIFIER

  • control field: NUST

005 - DATE AND TIME OF LATEST TRANSACTION

  • control field: 20230220091652.0

008 - FIXED-LENGTH DATA ELEMENTS

  • fixed length control field: 230220|| aca||aabn | a|a d

040 ## - CATALOGING SOURCE

  • Original cataloging agency: NUST
  • Transcribing agency: NUST

151 ## - HEADING--GEOGRAPHIC NAME

  • Geographic name: Algorithmic Approcah

670 ## - SOURCE DATA FOUND

  • Source citation: Work cat.: (NUST): A. Joshi, Madhuri 109233, Digital Image Processing :, 2006
© 2023 Central Library, National University of Sciences and Technology. All Rights Reserved.